Statistics for ワンワールド加盟会社

Click here to take the quiz!

General Stats

  • This quiz has been taken 28 times
  • The average score is 8 of 32

Answer Stats

HintAnswer% Correct
加盟会社日本航空
100%
加盟会社アメリカン航空
74%
子会社ジェイエア
74%
加盟会社カンタス航空
65%
子会社日本トランスオーシャン航空
61%
子会社日本エアコミューター
61%
加盟会社フィンエアー
43%
子会社北海道エアシステム
43%
加盟会社キャセイパシフィック航空
43%
加盟会社
ブリティッシュ・エアウェイズ
39%
加盟会社カタール航空
35%
加盟会社イベリア航空
35%
加盟会社マレーシア航空
26%
加盟会社ロイヤル・ヨルダン航空
17%
加盟会社アラスカ航空
13%
子会社カンタスリンク
9%
子会社イベリア・エクスプレス
9%
加盟会社ロイヤル・エア・モロッコ
9%
加盟会社スリランカ航空
9%
子会社アメリカン・イーグル
4%
子会社イースタン・オーストラリア航空
0%
子会社ホライゾン航空
0%
子会社コムエアー
0%
子会社サンステート航空
0%
子会社サン・エア
0%
子会社オープンスカイズ
0%
子会社ジェットコネクト
0%
子会社エア・ノストラム
0%
子会社ノルディック・リージョナル・エアラインズ
0%
ワンワールド・コネクトフィジー・エアウェイズ
0%
子会社BAシティフライヤー
0%
子会社
アメリカン航空・シャトル
0%

Score Distribution

Percentile by Number Answered

Percent of People with Each Score

Your Score History

You have not taken this quiz